<?xml version='1.0' encoding='UTF-8'?>
  <record xmlns="http://www.loc.gov/MARC21/slim">
    <leader>00000cam a2200000 a 4500</leader>
    <controlfield tag="001">ocm85168513</controlfield>
    <controlfield tag="003">OCoLC</controlfield>
    <controlfield tag="005">20251006195711.3</controlfield>
    <controlfield tag="008">060614s1577    sz b          001 0 lat d</controlfield>
    <datafield tag="040" ind1=" " ind2=" ">
      <subfield code="a">UXG</subfield>
      <subfield code="b">eng</subfield>
      <subfield code="e">dcrb</subfield>
      <subfield code="c">UXG</subfield>
      <subfield code="d">OCLCG</subfield>
      <subfield code="d">OCLCF</subfield>
      <subfield code="d">OCLCO</subfield>
      <subfield code="d">OCLCQ</subfield>
      <subfield code="d">OCLCO</subfield>
      <subfield code="d">OCLCQ</subfield>
      <subfield code="d">QGJ</subfield>
      <subfield code="d">OCLCL</subfield>
      <subfield code="d">OCLCQ</subfield>
    </datafield>
    <datafield tag="035" ind1=" " ind2=" ">
      <subfield code="a">(OCoLC)85168513</subfield>
    </datafield>
    <datafield tag="043" ind1=" " ind2=" ">
      <subfield code="a">e-sz---</subfield>
    </datafield>
    <datafield tag="100" ind1="1" ind2=" ">
      <subfield code="a">Wurstisen, Christian,</subfield>
      <subfield code="d">1544-1588.</subfield>
      <subfield code="1">https://id.oclc.org/worldcat/entity/E39PBJgMwkwgfm3g6Cpcprfpfq</subfield>
    </datafield>
    <datafield tag="245" ind1="1" ind2="0">
      <subfield code="a">Epitome historiae Basiliensis, praeter totius Rauricae descriptionem, urbis primordia, antiquitates, res memorandas, clarorum ciuium monumenta, caeteraq[ue] his similia complectens :</subfield>
      <subfield code="b">unà cum episcoporum Basiliensium catalogo : accessit his, Aeneae Syluii, qui postea Pius II. Pontifex fuit, Basilea, nuspiam antehac edita /</subfield>
      <subfield code="c">authore Christiano Vrsisio ...</subfield>
    </datafield>
    <datafield tag="246" ind1="3" ind2=" ">
      <subfield code="a">Epitome historiae Basiliensis, praeter totivs Ravricae descriptionem, vrbis primordia, antiquitates, res memorandas, clarorum ciuium monumenta, caeteraq[ue] his similia complectens</subfield>
    </datafield>
    <datafield tag="260" ind1=" " ind2=" ">
      <subfield code="a">Basileae :</subfield>
      <subfield code="b">Per Sebastianum Henricpetri,</subfield>
      <subfield code="c">anno à Christo nato MDLXXXVII [1577] mense Martio</subfield>
    </datafield>
    <datafield tag="300" ind1=" " ind2=" ">
      <subfield code="a">[24], 308, 30, [2] p. :</subfield>
      <subfield code="b">2 maps ;</subfield>
      <subfield code="c">17 cm. (8vo)</subfield>
    </datafield>
    <datafield tag="336" ind1=" " ind2=" ">
      <subfield code="a">text</subfield>
      <subfield code="b">txt</subfield>
      <subfield code="2">rdacontent</subfield>
    </datafield>
    <datafield tag="337" ind1=" " ind2=" ">
      <subfield code="a">unmediated</subfield>
      <subfield code="b">n</subfield>
      <subfield code="2">rdamedia</subfield>
    </datafield>
    <datafield tag="338" ind1=" " ind2=" ">
      <subfield code="a">volume</subfield>
      <subfield code="b">nc</subfield>
      <subfield code="2">rdacarrier</subfield>
    </datafield>
    <datafield tag="500" ind1=" " ind2=" ">
      <subfield code="a">Printer statement and date of publication from colophon.</subfield>
    </datafield>
    <datafield tag="500" ind1=" " ind2=" ">
      <subfield code="a">Signatures: [alpha]⁸ [beta]⁴ A-T⁸ a-b⁸.</subfield>
    </datafield>
    <datafield tag="500" ind1=" " ind2=" ">
      <subfield code="a">Printer's device on verso of final leaf.</subfield>
    </datafield>
    <datafield tag="510" ind1="4" ind2=" ">
      <subfield code="a">Verzeichnis der im deutschen Sprachbereich erschienenen Drucke des XVI. Jahrhunderts (VD 16)</subfield>
      <subfield code="c">W-4674</subfield>
    </datafield>
    <datafield tag="500" ind1=" " ind2=" ">
      <subfield code="a">"Epistola Aeneae Slyuii, qui postea Pius II. Pontifex fuit, urbis Basiliensis descriptionem continens ..." 30 p. at end.</subfield>
    </datafield>
    <datafield tag="500" ind1=" " ind2=" ">
      <subfield code="a">Includes index.</subfield>
    </datafield>
    <datafield tag="651" ind1=" " ind2="0">
      <subfield code="a">Augst (Switzerland)</subfield>
      <subfield code="x">History.</subfield>
    </datafield>
    <datafield tag="651" ind1=" " ind2="0">
      <subfield code="a">Augst (Switzerland)</subfield>
      <subfield code="x">Description and travel</subfield>
      <subfield code="v">Early works to 1800.</subfield>
    </datafield>
    <datafield tag="651" ind1=" " ind2="0">
      <subfield code="a">Basel (Switzerland)</subfield>
      <subfield code="x">History.</subfield>
    </datafield>
    <datafield tag="651" ind1=" " ind2="0">
      <subfield code="a">Basel (Switzerland)</subfield>
      <subfield code="x">Description and travel</subfield>
      <subfield code="v">Early works to 1800.</subfield>
    </datafield>
    <datafield tag="650" ind1=" " ind2="7">
      <subfield code="a">Travel.</subfield>
      <subfield code="2">fast</subfield>
      <subfield code="0">(OCoLC)fst01155558</subfield>
    </datafield>
    <datafield tag="651" ind1=" " ind2="7">
      <subfield code="a">Switzerland</subfield>
      <subfield code="z">Augst.</subfield>
      <subfield code="2">fast</subfield>
      <subfield code="0">(OCoLC)fst01225122</subfield>
      <subfield code="1">https://id.oclc.org/worldcat/entity/E39QbtfRqdxJgd3yYkQ9dHKWrY</subfield>
    </datafield>
    <datafield tag="651" ind1=" " ind2="7">
      <subfield code="a">Switzerland</subfield>
      <subfield code="z">Basel.</subfield>
      <subfield code="2">fast</subfield>
      <subfield code="0">(OCoLC)fst01205402</subfield>
      <subfield code="1">https://id.oclc.org/worldcat/entity/E39QbtfRvDHfvYT9rqbVGPmPkc</subfield>
    </datafield>
    <datafield tag="655" ind1=" " ind2="7">
      <subfield code="a">Early works.</subfield>
      <subfield code="2">fast</subfield>
      <subfield code="0">(OCoLC)fst01411636</subfield>
    </datafield>
    <datafield tag="655" ind1=" " ind2="7">
      <subfield code="a">History.</subfield>
      <subfield code="2">fast</subfield>
      <subfield code="0">(OCoLC)fst01411628</subfield>
    </datafield>
    <datafield tag="700" ind1="0" ind2=" ">
      <subfield code="a">Pius</subfield>
      <subfield code="b">II,</subfield>
      <subfield code="c">Pope,</subfield>
      <subfield code="d">1405-1464.</subfield>
      <subfield code="1">https://id.oclc.org/worldcat/entity/E39PBJvXm7CM6qRPYXh7cJCYT3</subfield>
    </datafield>
    <datafield tag="700" ind1="1" ind2=" ">
      <subfield code="a">Cherler, Paul,</subfield>
      <subfield code="e">contributor.</subfield>
      <subfield code="4">ctb</subfield>
    </datafield>
    <datafield tag="700" ind1="1" ind2=" ">
      <subfield code="a">Henricpetri, Sebastian,</subfield>
      <subfield code="d">1547-1627,</subfield>
      <subfield code="e">printer.</subfield>
      <subfield code="1">https://id.oclc.org/worldcat/entity/E39PBJkhFj9JVx9XxBjGG6WYyd</subfield>
    </datafield>
    <datafield tag="752" ind1=" " ind2=" ">
      <subfield code="a">Switzerland</subfield>
      <subfield code="d">Basel.</subfield>
    </datafield>
    <datafield tag="758" ind1=" " ind2=" ">
      <subfield code="i">has work:</subfield>
      <subfield code="a">Epitome historiae Basiliensis, praeter totius Rauricae descriptionem, urbis primordia, antiquitates, res memorandas, clarorum ciuium monumenta, caeteraq[ue] his similia complectens (Text)</subfield>
      <subfield code="1">https://id.oclc.org/worldcat/entity/E39PCFHDVmDhPMxY83wQptFHYP</subfield>
      <subfield code="4">https://id.oclc.org/worldcat/ontology/hasWork</subfield>
    </datafield>
    <datafield tag="936" ind1=" " ind2=" ">
      <subfield code="a">BATCHLOAD</subfield>
    </datafield>
  </record>